logo

Bir Sreshtho Munshi Abdur Rouf Library
Jhenaidah Cadet College

রাজপুত্র / (Record no. 13060)

MARC details
000 -LEADER
fixed length control field 00620nam a2200217 a 4500
001 - CONTROL NUMBER
JCCL Control Number 13060
003 - CONTROL NUMBER IDENTIFIER
JCCL marc code BD-JhCC
005 - DATE AND TIME OF LATEST TRANSACTION
control field 20230617114746.0
008 - FIXED-LENGTH DATA ELEMENTS--GENERAL INFORMATION
fixed length control field 230616b2018 bg a|||| ||a| 000 0 ben d
020 ## - INTERNATIONAL STANDARD BOOK NUMBER
International Standard Book Number 9789849265283
035 ## - SYSTEM CONTROL NUMBER
system control number (BD-JhCC)13060
040 ## - CATALOGING SOURCE
Original cataloging agency BD-JhCC
Modifying agency BD-JhCC
041 ## - LANGUAGE CODE
Language code of Book Bengali
082 ## - DEWEY DECIMAL CLASSIFICATION NUMBER
Author mark and Year JAS 2018
Classification number 891.4435
100 ## - MAIN ENTRY--PERSONAL NAME
Personal name জসীম,জুবাইর
245 ## - TITLE STATEMENT
Title রাজপুত্র /
Statement of responsibility, etc জুবাইর জসীম।
260 ## - PUBLICATION, DISTRIBUTION, ETC. (IMPRINT)
Place of publication, distribution, etc ঢাকা:
Name of publisher, distributor, etc পঙ্খিরাজ;
Date of publication, distribution, etc 2018.
300 ## - PHYSICAL DESCRIPTION
Pagination 40 p. :
Other physical details ill;
Dimensions 24 cm.
650 ## - SUBJECT ADDED ENTRY--TOPICAL TERM
Topical term or geographic name as entry element Benglai short story
942 ## - ADDED ENTRY ELEMENTS (KOHA)
Source of classification or shelving scheme Dewey Decimal Classification
Koha item type Books
Holdings
Source of classification or shelving scheme Damaged status Not for loan Home library Current library Shelving location Date of accession Cost, normal purchase price Total Checkouts Full call number Barcode Date last seen Date checked out Copy number Method of acquisition Koha item type Currency
Dewey Decimal Classification     JCC Rouf Library JCC Rouf Library General Stacks 06/16/2023 150.00 1 891.4435 JAS 2018 17859 02/04/2024 01/31/2024 C-1 Purchase Books BDT

JCC Library | Contacts | JCC Home

Last Update on 23 September 2017
Copyright @ 2017-2020 JCC Rouf Library
Rouf Library, Jhenidah Cadet College (JCC), Bangladesh